UM Logo

HR magazine. (Record no. 6453)

MARC details
000 -LEADER
fixed length control field 00529nam a2200157 4500
008 - FIXED-LENGTH DATA ELEMENTS--GENERAL INFORMATION
fixed length control field 170325b xxu||||| |||| 00| 0 eng d
022 ## - INTERNATIONAL STANDARD SERIAL NUMBER
International Standard Serial Number 1047-3149
082 ## - DEWEY DECIMAL CLASSIFICATION NUMBER
Classification number DPer 658.305 H918 Jul 2014-Mar 2016 v. 59-61
245 ## - TITLE STATEMENT
Title HR magazine.
246 ## - VARYING FORM OF TITLE
Title proper/short title Human resource magazine.
260 ## - PUBLICATION, DISTRIBUTION, ETC. (IMPRINT)
Place of publication, distribution, etc. Duke St., Alexandria:
Name of publisher, distributor, etc. Society for Human Resource Management,
Date of publication, distribution, etc. cJul 2014 Mar 2016.
300 ## - PHYSICAL DESCRIPTION
Extent various paging:
Other physical details illustrations;
Dimensions 28 cm.
500 ## - GENERAL NOTE
General note HR magazine.
650 #0 - SUBJECT ADDED ENTRY--TOPICAL TERM
9 (RLIN) 19532
Topical term or geographic name as entry element Personnel management
Form subdivision Periodicals
942 ## - ADDED ENTRY ELEMENTS (KOHA)
Source of classification or shelving scheme Dewey Decimal Classification
Koha item type Periodicals
Holdings
Withdrawn status Lost status Source of classification or shelving scheme Materials specified (bound volume or other part) Damaged status Not for loan Collection code Home library Current library Date acquired Total Checkouts Full call number Barcode Date last seen Price effective from Koha item type Public note
    Dewey Decimal Classification Vol. 59-61     Periodicals UM Digos College - LIC UM Digos College - LIC 03/25/2017   DPer 658.305 H918 Jul 2014-Mar 2016 v. 59-61 00018 06/08/2021 03/25/2017 Periodicals Bound periodical